000 01163cab a2200277 4500
001 WB2924-08
008 090401t1993 xxu||||| |||| 00| 0 eng d
035 _a(Sirsi) u58966
041 _aeng
245 _aReduction in number of unfit properties
260 _c1993
350 _a0
490 _aDoE News Release
_v(417) 21 June 1993 (3)
520 _aLaunching a consultation paper on the future of private house renewal policies, the Housing Minister announced preliminary findings from the 1991 English House Condition Survey. They reveal a decline in the number of unfit properties in England between 1986 and 1991. The consultation paper looks at whether present policies offer the best structure for investing the resources that can be made available to support repairs to private housing.
650 _aCONSULTATION PAPER
650 _aENGLISH HOUSE CONDITION SURVEY
650 _aGOVERNMENT POLICY
650 _aHOUSING POLICY
650 _aPRIVATE HOUSING
650 _aRENOVATION GRANT SYSTEM
650 _aUNFIT HOUSES
690 _aBUILT ENVIRONMENT-BUILDING PATHOLOGY
690 _aHOUSING
942 _n0
948 _c04/03/1997
999 _c36089
_d36089